[Event "43. Olimpiada Batumi 2018 Femenina"]
[Site "Batumi GEO"]
[Date "2018.09.25"]
[Round "2.1"]
[White "Faqeeh, Rahaf"]
[Black "Bwalya Mulwale, Lubuuto"]
[Result "0-1"]
[WhiteElo "1400"]
[BlackElo "1607"]
[PlyCount "63"]
[EventDate "2018.09.24"]
[EventType "team-swiss"]
[EventRounds "11"]
[EventCountry "GEO"]
[SourceTitle "Ajedrez en Madrid"]
[Source "lmi"]
[SourceDate "2018.09.24"]
[WhiteTeam "Palestine"]
[BlackTeam "Zambia"]
[WhiteTeamCountry "PLE"]
[BlackTeamCountry "ZAM"]

1. c4 Nf6 2. g3 e6 3. Bg2 d5 4. cxd5 exd5 5. d4 Be7 6. Nc3 c6 7. Nf3 Bf5 8. O-O
Nbd7 9. Bf4 Qb6 10. b3 O-O 11. Re1 Bb4 12. Bd2 Bg4 13. Na4 Qa5 14. Bxb4 Qxb4
15. Qd2 Qd6 16. Rac1 Ne4 17. Qc2 Be6 18. Nd2 f5 19. f3 Ng5 20. Nc5 Nxc5 21.
dxc5 Qd7 22. e4 dxe4 23. fxe4 fxe4 24. Nxe4 Qd4+ 25. Nf2 Rf6 26. Rcd1 Qb4 27.
Rd4 Qxd4 28. Re2 Bg4 29. Rd2 Qe3 30. Rd3 Qe1+ 31. Bf1 Nh3+ 32. Nxh3 0-1

[Event "43. Olimpiada Batumi 2018 Femenina"]
[Site "Batumi GEO"]
[Date "2018.09.25"]
[Round "2.2"]
[White "Mututubanya, Portiah"]
[Black "Albzoor, Anwar"]
[Result "1-0"]
[WhiteElo "1505"]
[BlackElo "1595"]
[PlyCount "109"]
[EventDate "2018.09.24"]
[EventType "team-swiss"]
[EventRounds "11"]
[EventCountry "GEO"]
[SourceTitle "Ajedrez en Madrid"]
[Source "lmi"]
[SourceDate "2018.09.24"]
[WhiteTeam "Zambia"]
[BlackTeam "Palestine"]
[WhiteTeamCountry "ZAM"]
[BlackTeamCountry "PLE"]

1. e4 e6 2. Nc3 d5 3. d4 dxe4 4. Nxe4 Nf6 5. Bg5 Be7 6. Bxf6 Bxf6 7. c3 Nd7 8.
Nf3 b6 9. Bb5 O-O 10. Bc6 Rb8 11. Qd3 Be7 12. Bxd7 Bxd7 13. Ne5 Bd6 14. f4 Bxe5
15. fxe5 Bc6 16. O-O Qh4 17. Rae1 b5 18. g3 Qg4 19. Rf4 Qg6 20. Qe2 h6 21. Rg4
Qf5 22. Rf1 Qxf1+ 23. Qxf1 f5 24. Nf6+ Rxf6 25. exf6 fxg4 26. fxg7 Kxg7 27. Qf4
Rb7 28. Qxg4+ Kf7 29. Qf4+ Kg7 30. Qe5+ Kf7 31. Kf2 Bd5 32. a3 a5 33. b4 axb4
34. axb4 Ra7 35. Ke3 c6 36. Kf4 Kg6 37. h4 Rf7+ 38. Ke3 Rf3+ 39. Kd2 Rf2+ 40.
Ke1 Rf5 41. Qh8 h5 42. Qg8+ Kh6 43. g4 hxg4 44. Qxg4 Bf3 45. Qg3 Bd5 46. Ke2
Kh5 47. Ke3 Rf3+ 48. Qxf3+ Bxf3 49. Kxf3 Kxh4 50. Ke4 Kg4 51. Ke5 Kf3 52. Kxe6
Ke3 53. Kd6 Kd3 54. Kxc6 Kxc3 55. Kxb5 1-0

[Event "43. Olimpiada Batumi 2018 Femenina"]
[Site "Batumi GEO"]
[Date "2018.09.25"]
[Round "2.3"]
[White "Faqeeh, Yara"]
[Black "Simenda, Daisy"]
[Result "0-1"]
[WhiteElo "1451"]
[BlackElo "1509"]
[PlyCount "76"]
[EventDate "2018.09.24"]
[EventType "team-swiss"]
[EventRounds "11"]
[EventCountry "GEO"]
[SourceTitle "Ajedrez en Madrid"]
[Source "lmi"]
[SourceDate "2018.09.24"]
[WhiteTeam "Palestine"]
[BlackTeam "Zambia"]
[WhiteTeamCountry "PLE"]
[BlackTeamCountry "ZAM"]

1. d4 Nf6 2. c4 d5 3. cxd5 Nxd5 4. e4 Nb6 5. Nc3 e6 6. Nf3 Bb4 7. Qb3 Be7 8.
Bd3 O-O 9. O-O N8d7 10. Qc2 c5 11. Rd1 cxd4 12. Nxd4 Nc5 13. Be3 Nxd3 14. Rxd3
Bd7 15. Nb3 Qc7 16. Qd2 Bc6 17. Na5 Be8 18. Rc1 Bb4 19. Nb3 Nc4 20. Qe2 Nxe3
21. Qxe3 Bc6 22. Na4 Bd6 23. g3 Rad8 24. f4 Qb8 25. Nc3 Bc7 26. Kg2 Bb6 27. Qe2
f5 28. Nd2 Rxd3 29. Qxd3 Rd8 30. Qe2 Qd6 31. Nc4 Qb4 32. Nxb6 Qxb6 33. Kf1 fxe4
34. Rc2 Rd3 35. Rd2 Rf3+ 36. Kg2 e3 37. Qc4 Rxf4+ 38. Ne4 Bxe4+ 0-1

[Event "43. Olimpiada Batumi 2018 Femenina"]
[Site "Batumi GEO"]
[Date "2018.09.25"]
[Round "2.4"]
[White "Mbatha, Constance"]
[Black "Faqeeh, Aseel"]
[Result "1-0"]
[WhiteElo "1734"]
[BlackElo "1432"]
[PlyCount "51"]
[EventDate "2018.09.24"]
[EventType "team-swiss"]
[EventRounds "11"]
[EventCountry "GEO"]
[SourceTitle "Ajedrez en Madrid"]
[Source "lmi"]
[SourceDate "2018.09.24"]
[WhiteTeam "Zambia"]
[BlackTeam "Palestine"]
[WhiteTeamCountry "ZAM"]
[BlackTeamCountry "PLE"]

1. e4 e6 2. Nf3 d5 3. exd5 exd5 4. d4 Nf6 5. h3 b6 6. Bd3 Bb7 7. O-O Nbd7 8.
Bg5 Be7 9. Nbd2 O-O 10. Rc1 c5 11. c3 Re8 12. Re1 Qc7 13. Bb1 Bd6 14. Qc2 Ne4
15. Nxe4 dxe4 16. Nd2 Bf4 17. Bxf4 Qxf4 18. Re3 Nf6 19. dxc5 bxc5 20. Rce1 Rad8
21. Nf1 Bc8 22. Qa4 a6 23. Bxe4 Nxe4 24. Rxe4 Bd7 25. Rxe8+ Rxe8 26. Rxe8+ 1-0

[Event "43. Olimpiada Batumi 2018 Femenina"]
[Site "Batumi GEO"]
[Date "2018.09.25"]
[Round "2.1"]
[White "Caruana Pulpan, Oana"]
[Black "Gemota, Joan"]
[Result "1-0"]
[WhiteElo "1863"]
[BlackElo "1346"]
[PlyCount "105"]
[EventDate "2018.09.24"]
[EventType "team-swiss"]
[EventRounds "11"]
[EventCountry "GEO"]
[SourceTitle "Ajedrez en Madrid"]
[Source "lmi"]
[SourceDate "2018.09.24"]
[WhiteTeam "Malta"]
[BlackTeam "Palau"]
[WhiteTeamCountry "MLT"]
[BlackTeamCountry "PAL"]

1. d4 e6 2. Nf3 d5 3. g3 Nf6 4. Bg2 Bd6 5. O-O O-O 6. Re1 a6 7. Nbd2 b6 8. c4
Bb7 9. a3 c6 10. b4 Nbd7 11. Rb1 Rc8 12. c5 Bc7 13. cxb6 Bxb6 14. Nb3 Qc7 15.
Bf4 Qd8 16. Qd3 h6 17. h3 Nh5 18. Bd6 Re8 19. g4 Nf8 20. Bxf8 Rxf8 21. gxh5 Qd6
22. Qe3 Rce8 23. Qe5 Qe7 24. Qf4 Bc7 25. Qh4 Qd6 26. Ne5 f6 27. Ng6 Rf7 28.
Rbc1 Bd8 29. Qg3 Qxg3 30. fxg3 Bb6 31. Nc5 Bxc5 32. bxc5 f5 33. Rb1 Bc8 34. Rb6
Rc7 35. Reb1 Rd8 36. Ne5 Kh7 37. Rxc6 Rxc6 38. Nxc6 Rd7 39. Ne5 Rd8 40. Rb8 Rh8
41. c6 a5 42. Ra8 a4 43. Nf7 Rg8 44. Nd6 Bd7 45. Rxg8 Bxc6 46. Rc8 Bd7 47. Rc7
e5 48. Rxd7 f4 49. dxe5 fxg3 50. e6 d4 51. e7 d3 52. e8=Q dxe2 53. Be4# 1-0

[Event "43. Olimpiada Batumi 2018 Femenina"]
[Site "Batumi GEO"]
[Date "2018.09.25"]
[Round "2.2"]
[White "Sisior, Angelil"]
[Black "Thornton, Filipina"]
[Result "0-1"]
[WhiteElo "1476"]
[BlackElo "1712"]
[PlyCount "119"]
[EventDate "2018.09.24"]
[EventType "team-swiss"]
[EventRounds "11"]
[EventCountry "GEO"]
[SourceTitle "Ajedrez en Madrid"]
[Source "lmi"]
[SourceDate "2018.09.24"]
[WhiteTeam "Palau"]
[BlackTeam "Malta"]
[WhiteTeamCountry "PAL"]
[BlackTeamCountry "MLT"]

1. e4 c5 2. Bc4 e6 3. Nc3 d6 4. Nf3 Nf6 5. d3 Nc6 6. Bg5 Be7 7. O-O O-O 8. Re1
a6 9. d4 cxd4 10. Nxd4 Qc7 11. Qd3 Ne5 12. Qg3 Qxc4 13. Nf3 Nxf3+ 14. Qxf3 Bd7
15. Qg3 Kh8 16. f4 Ng8 17. e5 Bxg5 18. Qxg5 dxe5 19. fxe5 Bc6 20. h4 Rad8 21.
Re3 Qc5 22. Rf1 Rd2 23. Rf2 Rxf2 24. Kxf2 Ne7 25. g4 Rd8 26. Ke1 h6 27. Qf4 Qd4
28. Qf2 Kg8 29. Qe2 Nd5 30. Rd3 Qg1+ 31. Kd2 Rd7 32. Nxd5 Rxd5 33. Rxd5 Bxd5
34. a3 Qg2 35. Qxg2 Bxg2 36. Ke3 Kf8 37. c4 Ke7 38. Kd4 Bf3 39. g5 hxg5 40.
hxg5 Kd7 41. Kc5 Kc7 42. b4 b6+ 43. Kd4 Kc6 44. a4 b5 45. a5 bxc4 46. Kxc4 Be2+
47. Kc3 Kd5 48. Kd2 Bb5 49. Ke3 Kxe5 50. Kf3 Kf5 51. Kg3 Kxg5 52. Kf3 f5 53.
Kg3 e5 54. Kf3 e4+ 55. Kg3 e3 56. Kf3 e2 57. Kf2 f4 58. Ke1 f3 59. Kf2 Kf4 60.
Ke1 0-1

[Event "43. Olimpiada Batumi 2018 Femenina"]
[Site "Batumi GEO"]
[Date "2018.09.25"]
[Round "2.3"]
[White "Psaila, Uranchimeg"]
[Black "Parrado, Angelica"]
[Result "1-0"]
[WhiteElo "1446"]
[BlackElo "1559"]
[PlyCount "109"]
[EventDate "2018.09.24"]
[EventType "team-swiss"]
[EventRounds "11"]
[EventCountry "GEO"]
[SourceTitle "Ajedrez en Madrid"]
[Source "lmi"]
[SourceDate "2018.09.24"]
[WhiteTeam "Malta"]
[BlackTeam "Palau"]
[WhiteTeamCountry "MLT"]
[BlackTeamCountry "PAL"]

1. d4 e6 2. e4 d5 3. exd5 exd5 4. Nf3 Be6 5. Bd3 Nd7 6. c3 f5 7. Qe2 Qf6 8. Bg5
Qf7 9. Nbd2 Ngf6 10. Bxf6 Qxf6 11. O-O-O O-O-O 12. Rde1 Re8 13. Ne5 a6 14. Bxa6
Nxe5 15. Bxb7+ Kd8 16. dxe5 Qf7 17. Qd3 Bc5 18. f4 Qd7 19. Nb3 Bb6 20. Rd1 Ke7
21. Nd4 Bxd4 22. Qxd4 Rb8 23. Bxd5 Qb5 24. Qb4+ Qxb4 25. cxb4 Rxb4 26. Bxe6
Kxe6 27. g3 Rc4+ 28. Kb1 Rb8 29. Rc1 Rxc1+ 30. Rxc1 Rc8 31. Rd1 Rb8 32. Kc2 h6
33. b3 g5 34. Kc3 gxf4 35. gxf4 Rg8 36. Rd2 Rg4 37. Rf2 Rh4 38. a4 Rh3+ 39. Kc4
Re3 40. a5 Re1 41. Ra2 Re4+ 42. Kc5 Rxf4 43. a6 Rf3 44. b4 Rc3+ 45. Kb5 Rd3 46.
a7 Rd8 47. a8=Q Rxa8 48. Rxa8 Kxe5 49. Kc6 f4 50. Kxc7 f3 51. Rf8 Ke4 52. b5
Ke3 53. b6 h5 54. b7 Kf2 55. b8=Q 1-0

[Event "43. Olimpiada Batumi 2018 Femenina"]
[Site "Batumi GEO"]
[Date "2018.09.25"]
[Round "2.4"]
[White "Magno, Angelica"]
[Black "Stagno, Milena"]
[Result "0-1"]
[WhiteElo "1105"]
[BlackElo "1388"]
[PlyCount "99"]
[EventDate "2018.09.24"]
[EventType "team-swiss"]
[EventRounds "11"]
[EventCountry "GEO"]
[SourceTitle "Ajedrez en Madrid"]
[Source "lmi"]
[SourceDate "2018.09.24"]
[WhiteTeam "Palau"]
[BlackTeam "Malta"]
[WhiteTeamCountry "PAL"]
[BlackTeamCountry "MLT"]

1. e4 c5 2. Bc4 Nc6 3. Nf3 g6 4. O-O Bg7 5. c3 Nf6 6. Re1 Nxe4 7. Rxe4 d5 8.
Bxd5 Qxd5 9. d3 Bf5 10. Re1 Qxd3 11. Qxd3 Bxd3 12. Nbd2 O-O 13. Ne4 Bxe4 14.
Rxe4 Rfd8 15. Bf4 b5 16. Rae1 a5 17. Ne5 Nxe5 18. Bxe5 f6 19. Bc7 Rd2 20. R1e2
Rd7 21. Rxe7 Rxe7 22. Rxe7 Bf8 23. Re2 Ra7 24. Bb6 Rd7 25. h3 a4 26. Re8 Kf7
27. Re2 Rd6 28. Bc7 Rc6 29. Bf4 Re6 30. Rxe6 Kxe6 31. g4 Kd5 32. b3 axb3 33.
axb3 Ke4 34. Bc1 Kd3 35. c4 bxc4 36. bxc4 Kxc4 37. Kf1 Kd3 38. Ke1 c4 39. f4
Bb4+ 40. Kf2 Bd2 41. Bxd2 Kxd2 42. h4 c3 43. g5 fxg5 44. fxg5 c2 45. Kf3 c1=Q
46. Ke4 Qc5 47. Kf4 Qf5+ 48. Kg3 Ke3 49. Kh2 Qg4 50. h5 0-1

[Event "43. Olimpiada Batumi 2018 Femenina"]
[Site "Batumi GEO"]
[Date "2018.09.25"]
[Round "2.1"]
[White "Mutesi, Phiona"]
[Black "Jambo, Linda"]
[Result "1-0"]
[WhiteElo "1637"]
[BlackElo "1482"]
[PlyCount "85"]
[EventDate "2018.09.24"]
[EventType "team-swiss"]
[EventRounds "11"]
[EventCountry "GEO"]
[SourceTitle "Ajedrez en Madrid"]
[Source "lmi"]
[SourceDate "2018.09.24"]
[WhiteTeam "Uganda"]
[BlackTeam "Malawi"]
[WhiteTeamCountry "UGA"]
[BlackTeamCountry "MWI"]

1. e4 e5 2. Bc4 Nc6 3. Nc3 Be7 4. Nf3 Nf6 5. d3 O-O 6. O-O d6 7. h3 Na5 8. Bb3
Nxb3 9. axb3 Be6 10. Qe2 Nh5 11. Nxe5 dxe5 12. Qxh5 f6 13. f4 Qd4+ 14. Kh1 exf4
15. Bxf4 c6 16. Rf3 Rae8 17. Raf1 f5 18. Be3 Qd7 19. exf5 Bd5 20. Nxd5 Qxd5 21.
Qg4 Qe5 22. Bd4 h5 23. Bxe5 hxg4 24. hxg4 Bg5 25. d4 Bf6 26. Re1 c5 27. c3 Re7
28. Rfe3 Rfe8 29. Kg1 cxd4 30. cxd4 Bg5 31. Re4 Bd2 32. R1e2 Bc1 33. Kf2 Kf7
34. Kf3 Bg5 35. d5 Bf6 36. Bxf6 Kxf6 37. Rxe7 Rxe7 38. Rxe7 Kxe7 39. Ke4 Kd6
40. g5 b5 41. f6 gxf6 42. gxf6 a5 43. g4 1-0

[Event "43. Olimpiada Batumi 2018 Femenina"]
[Site "Batumi GEO"]
[Date "2018.09.25"]
[Round "2.2"]
[White "Mpinganjira, Ellen"]
[Black "Namaganda, Christine"]
[Result "1-0"]
[WhiteElo "1412"]
[BlackElo "1581"]
[PlyCount "75"]
[EventDate "2018.09.24"]
[EventType "team-swiss"]
[EventRounds "11"]
[EventCountry "GEO"]
[SourceTitle "Ajedrez en Madrid"]
[Source "lmi"]
[SourceDate "2018.09.24"]
[WhiteTeam "Malawi"]
[BlackTeam "Uganda"]
[WhiteTeamCountry "MWI"]
[BlackTeamCountry "UGA"]

1. e4 d6 2. Nf3 Nf6 3. Nc3 g6 4. h3 Bg7 5. Bc4 c6 6. d3 O-O 7. Bg5 b5 8. Bb3 a5
9. a3 Bb7 10. O-O Nbd7 11. Qd2 Nb6 12. Rae1 b4 13. axb4 axb4 14. Nd1 c5 15. Bh6
Qc7 16. Bxg7 Kxg7 17. Nh4 Nfd7 18. Qg5 e6 19. f4 f6 20. Qg3 c4 21. dxc4 Nxc4
22. f5 Qc5+ 23. Kh1 g5 24. fxe6 Nde5 25. Nf5+ Kh8 26. h4 Nd2 27. e7 Rfe8 28.
Rf4 Nxb3 29. cxb3 Ng6 30. Rg4 Qe5 31. Qxe5 dxe5 32. hxg5 fxg5 33. Rxg5 Ra1 34.
Kh2 Rb1 35. Kg3 Ba6 36. Rh1 Be2 37. Rxg6 Rxd1 38. Rxd1 1-0

[Event "43. Olimpiada Batumi 2018 Femenina"]
[Site "Batumi GEO"]
[Date "2018.09.25"]
[Round "2.3"]
[White "Nakabo, Peninah"]
[Black "Simwaba, Anne"]
[Result "1/2-1/2"]
[WhiteElo "1581"]
[BlackElo "1206"]
[PlyCount "72"]
[EventDate "2018.09.24"]
[EventType "team-swiss"]
[EventRounds "11"]
[EventCountry "GEO"]
[SourceTitle "Ajedrez en Madrid"]
[Source "lmi"]
[SourceDate "2018.09.24"]
[WhiteTeam "Uganda"]
[BlackTeam "Malawi"]
[WhiteTeamCountry "UGA"]
[BlackTeamCountry "MWI"]

1. e4 e6 2. d4 d5 3. Nc3 Nf6 4. e5 Nfd7 5. f4 c5 6. Nf3 Nc6 7. Be3 Qa5 8. Be2
Be7 9. O-O f6 10. f5 cxd4 11. fxe6 Ndxe5 12. Nxe5 Nxe5 13. Bxd4 O-O 14. Bxe5
fxe5 15. Rxf8+ Bxf8 16. Qxd5 Qb6+ 17. Kf1 Qxe6 18. Bc4 Qxd5 19. Bxd5+ Kh8 20.
Re1 Bf5 21. Ne4 Rc8 22. c4 b6 23. b3 h6 24. Kf2 Bb4 25. Re2 Rd8 26. Ng3 Bb1 27.
Be4 Bc5+ 28. Kf3 Rf8+ 29. Kg4 Rf4+ 30. Kh3 g5 31. Nf5 Bxe4 32. Nxh6 Bf2 33. g3
Rf6 34. Rxe4 Rxh6+ 35. Kg2 Bc5 36. Rxe5 Rf6 1/2-1/2

[Event "43. Olimpiada Batumi 2018 Femenina"]
[Site "Batumi GEO"]
[Date "2018.09.25"]
[Round "2.4"]
[White "Ngugama, Magret"]
[Black "Nansubuga, Gloria"]
[Result "0-1"]
[WhiteElo "1306"]
[BlackElo "1415"]
[PlyCount "78"]
[EventDate "2018.09.24"]
[EventType "team-swiss"]
[EventRounds "11"]
[EventCountry "GEO"]
[SourceTitle "Ajedrez en Madrid"]
[Source "lmi"]
[SourceDate "2018.09.24"]
[WhiteTeam "Malawi"]
[BlackTeam "Uganda"]
[WhiteTeamCountry "MWI"]
[BlackTeamCountry "UGA"]

1. e4 e6 2. Nf3 Nc6 3. Bb5 Nge7 4. O-O a6 5. Bxc6 Nxc6 6. d4 d5 7. e5 Ne7 8.
Bg5 h6 9. Bh4 g5 10. Nxg5 hxg5 11. Bxg5 Qd7 12. c3 Nf5 13. Nd2 Be7 14. Qg4 Rg8
15. Nf3 Bxg5 16. Nxg5 Qe7 17. h4 Nxh4 18. Qxh4 Qxg5 19. Qxg5 Rxg5 20. f4 Rg4
21. Rf3 Bd7 22. Rh3 O-O-O 23. g3 Rdg8 24. Kf2 Bb5 25. Rg1 Bd3 26. Rh6 b5 27. a3
a5 28. Ke3 Rxg3+ 29. Rxg3 Rxg3+ 30. Kf2 Rg4 31. Ke3 Be4 32. Rh8+ Kd7 33. Ra8 a4
34. Rb8 Rg3+ 35. Kd2 Rg2+ 36. Kc1 Rc2+ 37. Kb1 Rxc3+ 38. Ka1 Rc1+ 39. Ka2 Bb1+
0-1

[Event "43. Olimpiada Batumi 2018 Femenina"]
[Site "Batumi GEO"]
[Date "2018.09.25"]
[Round "2.2"]
[White "Aishath, Alya Mohamed"]
[Black "Cancino, Shiela"]
[Result "0-1"]
[WhiteElo "1070"]
[BlackElo "1456"]
[PlyCount "120"]
[EventDate "2018.09.24"]
[EventType "team-swiss"]
[EventRounds "11"]
[EventCountry "GEO"]
[SourceTitle "Ajedrez en Madrid"]
[Source "lmi"]
[SourceDate "2018.09.24"]
[WhiteTeam "Maldives"]
[BlackTeam "Bermuda"]
[WhiteTeamCountry "MDV"]
[BlackTeamCountry "BER"]

1. d4 Nf6 2. c4 e6 3. Nc3 Bb4 4. Bd2 c5 5. e3 Nc6 6. Nf3 O-O 7. Be2 Qb6 8. d5
exd5 9. cxd5 Ne7 10. Bc4 Qd6 11. e4 Bxc3 12. Bxc3 Nxe4 13. O-O Nxc3 14. bxc3 b6
15. Qb3 a5 16. a4 Ba6 17. Rad1 Rfe8 18. Rfe1 Bxc4 19. Qxc4 Ng6 20. g3 f6 21.
Qb5 Rxe1+ 22. Rxe1 Ne5 23. Nxe5 fxe5 24. Qd3 Rf8 25. Re4 Qf6 26. Qe3 d6 27. f4
Re8 28. Qf3 Kf7 29. Kg2 h6 30. c4 g5 31. fxg5 Qxf3+ 32. Kxf3 hxg5 33. g4 Kg6
34. Re2 Rf8+ 35. Kg3 Rf1 36. Rf2 Rc1 37. Rf8 Rxc4 38. Rd8 Rc3+ 39. Kg2 Rc2+ 40.
Kg3 Rc3+ 41. Kg2 Rc4 42. Rxd6+ Kf7 43. h3 Rb4 44. Rd7+ Kg8 45. d6 Rd4 46. Re7
Rxd6 47. Rxe5 Rg6 48. Re8+ Kf7 49. Rb8 Rc6 50. Rd8 c4 51. Rd7+ Ke6 52. Rd2 c3
53. Rc2 Kd5 54. Kf2 Kc4 55. Ke2 Rd6 56. Ke1 Kb3 57. Rc1 c2 58. Ke2 Kb2 59. Re1
Re6+ 60. Kd2 Rxe1 0-1

[Event "43. Olimpiada Batumi 2018 Femenina"]
[Site "Batumi GEO"]
[Date "2018.09.25"]
[Round "2.1"]
[White "Dornbusch, Tatiana"]
[Black "Ayiku, Angela Naa Amerley"]
[Result "1-0"]
[WhiteElo "2271"]
[BlackElo "1439"]
[PlyCount "75"]
[EventDate "2018.09.24"]
[EventType "team-swiss"]
[EventRounds "11"]
[EventCountry "GEO"]
[SourceTitle "Ajedrez en Madrid"]
[Source "lmi"]
[SourceDate "2018.09.24"]
[WhiteTeam "Monaco"]
[BlackTeam "Ghana"]
[WhiteTeamCountry "MNC"]
[BlackTeamCountry "GHA"]

1. d4 d5 2. c4 c6 3. Nf3 Nf6 4. Nc3 g6 5. Bf4 Bg7 6. e3 O-O 7. Bd3 Qa5 8. O-O
dxc4 9. Bxc4 Qb4 10. Qe2 Bf5 11. a3 Qa5 12. b4 Qd8 13. e4 Bg4 14. Rfd1 Nfd7 15.
h3 Bxf3 16. Qxf3 e6 17. Qg3 Qc8 18. Rac1 b5 19. Be2 Nb6 20. Nxb5 a6 21. Nd6 Qd7
22. Nc4 Nxc4 23. Rxc4 Qb7 24. d5 exd5 25. exd5 cxd5 26. Rc7 Qb6 27. Rxd5 Qe6
28. Bf3 a5 29. b5 Rc8 30. Rd1 Rxc7 31. Bxc7 Qb3 32. Rd8+ Bf8 33. Bxa8 Qxb5 34.
Rxb8 Qe2 35. Qd6 Kg7 36. Qxf8+ Kf6 37. Bd8+ Kf5 38. Qxf7+ 1-0

[Event "43. Olimpiada Batumi 2018 Femenina"]
[Site "Batumi GEO"]
[Date "2018.09.25"]
[Round "2.2"]
[White "Benson, Maud"]
[Black "Jose Polanco, Kenia"]
[Result "0-1"]
[WhiteElo "1334"]
[BlackElo "1872"]
[PlyCount "78"]
[EventDate "2018.09.24"]
[EventType "team-swiss"]
[EventRounds "11"]
[EventCountry "GEO"]
[SourceTitle "Ajedrez en Madrid"]
[Source "lmi"]
[SourceDate "2018.09.24"]
[WhiteTeam "Ghana"]
[BlackTeam "Monaco"]
[WhiteTeamCountry "GHA"]
[BlackTeamCountry "MNC"]

1. e4 c5 2. Nf3 g6 3. Bc4 Bg7 4. d3 d6 5. h3 Nf6 6. Nc3 Nc6 7. O-O O-O 8. Re1
Na5 9. Bb3 Nxb3 10. cxb3 b6 11. Be3 Bb7 12. Qd2 Re8 13. Rac1 Rc8 14. Bg5 Qc7
15. d4 cxd4 16. Nxd4 Qb8 17. Qe3 Qa8 18. f3 a6 19. Nde2 b5 20. b4 Rc4 21. a3
Nd7 22. Ng3 Bd4 23. Qxd4 Rxd4 24. Nd5 Bxd5 25. exd5 Ne5 26. Rc7 Qxd5 27. Ne4
Rd1 28. Rxd1 Qxd1+ 29. Kh2 Qe2 30. Kg3 f5 31. Nc3 Qe1+ 32. Kh2 Qf2 33. Kh1 Nd3
34. Nd1 Qf1+ 35. Kh2 Qxd1 36. Bxe7 Ne1 37. Rd7 Qe2 38. Kg3 Qxg2+ 39. Kh4 Nxf3#
0-1

[Event "43. Olimpiada Batumi 2018 Femenina"]
[Site "Batumi GEO"]
[Date "2018.09.25"]
[Round "2.3"]
[White "Berezovska, Svetlana"]
[Black "Felix, Tobi"]
[Result "1-0"]
[WhiteElo "1812"]
[BlackElo "1468"]
[PlyCount "55"]
[EventDate "2018.09.24"]
[EventType "team-swiss"]
[EventRounds "11"]
[EventCountry "GEO"]
[SourceTitle "Ajedrez en Madrid"]
[Source "lmi"]
[SourceDate "2018.09.24"]
[WhiteTeam "Monaco"]
[BlackTeam "Ghana"]
[WhiteTeamCountry "MNC"]
[BlackTeamCountry "GHA"]

1. e4 c6 2. d4 d5 3. Nc3 dxe4 4. Nxe4 Bf5 5. Ng3 Bg6 6. Nh3 e6 7. Nf4 Ne7 8. h4
Nd7 9. c3 Nf6 10. Nxg6 Nxg6 11. h5 Ne7 12. Bg5 Nc8 13. Bd3 h6 14. Bxf6 Qxf6 15.
Ne4 Qd8 16. O-O Nd6 17. Nd2 Qh4 18. Re1 Be7 19. g3 Qf6 20. Nf3 O-O 21. Ne5 Rfd8
22. f4 Bf8 23. Ng4 Qe7 24. f5 Qg5 25. fxe6 fxe6 26. Rxe6 Qxh5 27. Nf6+ gxf6 28.
Qxh5 1-0

[Event "43. Olimpiada Batumi 2018 Femenina"]
[Site "Batumi GEO"]
[Date "2018.09.25"]
[Round "2.4"]
[White "Ashley, Christiana Naa Merl"]
[Black "Berezovsky, Fiorina"]
[Result "0-1"]
[WhiteElo "1246"]
[BlackElo "1526"]
[PlyCount "122"]
[EventDate "2018.09.24"]
[EventType "team-swiss"]
[EventRounds "11"]
[EventCountry "GEO"]
[SourceTitle "Ajedrez en Madrid"]
[Source "lmi"]
[SourceDate "2018.09.24"]
[WhiteTeam "Ghana"]
[BlackTeam "Monaco"]
[WhiteTeamCountry "GHA"]
[BlackTeamCountry "MNC"]

1. d4 Nf6 2. Nf3 e6 3. Bf4 d5 4. e3 c5 5. c3 Nc6 6. Nbd2 cxd4 7. exd4 Bd6 8.
Bg3 O-O 9. Bd3 Re8 10. Ne5 Qc7 11. Ndf3 Nd7 12. Qe2 f6 13. Nxd7 Bxd7 14. Bc2 e5
15. O-O-O e4 16. Nd2 f5 17. Bb3 Be6 18. f3 Nxd4 19. Qe3 Nxb3+ 20. Nxb3 f4 21.
Qd4 fxg3 22. hxg3 exf3 23. gxf3 Qc4 24. Qxc4 dxc4 25. Rxd6 cxb3 26. a3 Rad8 27.
Rhd1 Rxd6 28. Rxd6 Kf7 29. Kd2 Ke7 30. Rd4 Rd8 31. Ke3 Rxd4 32. cxd4 Kd6 33. g4
Kd5 34. Kd3 g6 35. g5 Bh3 36. Kc3 Bg2 37. f4 Ke4 38. Kc4 Kxf4 39. Kxb3 Kxg5 40.
Kc4 Kf5 41. Kd3 h5 42. Ke3 h4 43. Kf2 h3 44. Kg3 g5 45. b4 g4 46. a4 Ke4 47. b5
Kxd4 48. a5 Kc5 49. a6 bxa6 50. bxa6 Kb6 51. Kh2 Kxa6 52. Kg3 Kb5 53. Kh2 a5
54. Kg3 a4 55. Kh2 a3 56. Kg3 a2 57. Kh2 a1=Q 58. Kg3 Qc3+ 59. Kf2 g3+ 60. Ke2
Qf3+ 61. Ke1 Qe3+ 0-1

[Event "43. Olimpiada Batumi 2018 Femenina"]
[Site "Batumi GEO"]
[Date "2018.09.25"]
[Round "2.1"]
[White "Lieketseng, Ngatane"]
[Black "Punsalan, Vyanla M"]
[Result "0-1"]
[WhiteElo "1518"]
[BlackElo "1932"]
[PlyCount "58"]
[EventDate "2018.09.24"]
[EventType "team-swiss"]
[EventRounds "11"]
[EventCountry "GEO"]
[SourceTitle "Ajedrez en Madrid"]
[Source "lmi"]
[SourceDate "2018.09.24"]
[WhiteTeam "Lesotho"]
[BlackTeam "New Zealand"]
[WhiteTeamCountry "LES"]
[BlackTeamCountry "NZL"]

1. e4 c5 2. Nf3 g6 3. Bc4 Bg7 4. O-O Nc6 5. Nc3 Nf6 6. d3 O-O 7. Be3 d6 8. h3
a6 9. a3 b5 10. Ba2 Rb8 11. Qd2 b4 12. axb4 Rxb4 13. Nd1 e5 14. Bh6 Nh5 15.
Bxg7 Kxg7 16. Bd5 Nd4 17. Nxd4 Rxd4 18. c3 Nf4 19. cxd4 Qg5 20. Ne3 cxd4 21.
Kh2 Qh5 22. Qd1 Qg5 23. Ng4 h5 24. g3 Nxh3 25. Nxe5 dxe5 26. Bc4 h4 27. Qc1
hxg3+ 28. fxg3 Qh5 29. Rh1 Qe2# 0-1

[Event "43. Olimpiada Batumi 2018 Femenina"]
[Site "Batumi GEO"]
[Date "2018.09.25"]
[Round "2.2"]
[White "Zhang, Jasmine Haomo"]
[Black "Malehloa, Likhomo"]
[Result "1-0"]
[WhiteElo "1899"]
[BlackElo "1174"]
[PlyCount "53"]
[EventDate "2018.09.24"]
[EventType "team-swiss"]
[EventRounds "11"]
[EventCountry "GEO"]
[SourceTitle "Ajedrez en Madrid"]
[Source "lmi"]
[SourceDate "2018.09.24"]
[WhiteTeam "New Zealand"]
[BlackTeam "Lesotho"]
[WhiteTeamCountry "NZL"]
[BlackTeamCountry "LES"]

1. d4 e6 2. Bf4 Nf6 3. e3 Be7 4. Nd2 O-O 5. Bd3 d5 6. c3 Nbd7 7. Ngf3 c5 8. h4
c4 9. Bc2 b6 10. Ne5 Bb7 11. Qf3 Nxe5 12. dxe5 Nd7 13. Qh5 g6 14. Qg4 Nc5 15.
Bh6 Re8 16. h5 Nd3+ 17. Bxd3 cxd3 18. hxg6 hxg6 19. Qh3 Bh4 20. Qxh4 Qxh4 21.
Rxh4 f5 22. Bg5 Bc6 23. O-O-O Rf8 24. Rdh1 d4 25. Rh8+ Kf7 26. R1h7+ Ke8 27.
Re7+ 1-0